|
|
|
|
| LEADER |
00000cam a2200000 a 4500 |
| 001 |
76748 |
| 005 |
20230524062855.0 |
| 008 |
000000|1964 ||||||||r|||||||||||spa|| |
| 040 |
|
|
|b spa
|
| 041 |
1 |
|
|a spa
|
| 082 |
0 |
|
|a 338.9
|
| 100 |
1 |
|
|a Marrama, Vittorio
|9 66486
|
| 245 |
1 |
1 |
|a Política económica de los países subdesarrollados
|c Vittorio Marrama, trad. Justo Fernández Bujan
|h imp
|
| 250 |
|
|
|a 3a ed.,
|
| 264 |
|
|
|a Madrid
|b Aguilar
|c 1964
|
| 300 |
|
|
|a xxviii; 327 páginas:
|c 21 cm
|
| 504 |
|
|
|a incl. ref.
|
| 650 |
1 |
0 |
|a Política económica
|9 836
|
| 650 |
1 |
|
|a Paises subdesarrollados
|9 12102
|
| 650 |
1 |
|
|a Estabilizacion de mercados
|9 66487
|
| 650 |
1 |
0 |
|a Desarrollo económico
|9 4373
|
| 852 |
|
|
|a UC-CDJBV
|c ESTANTERIA CERRADA
|f Compra
|k mariana.feican
|l 1
|m General
|p 00000000
|r 2
|t 76748
|b 0
|d CDRC
|e CDRC
|g 338.9 ESTANTERIA CERRADA
|z 0000-00-00
|
| 942 |
|
|
|c BK
|
| 999 |
|
|
|c 40314
|d 40314
|